000 00443nam a22001697a 4500
003 NUST - PNEC
005 20170116181128.0
008 151006b xxu||||| |||| 00| 0 eng d
020 _a013309667X
040 _cLIBRARY
082 _a629.8 MOS
100 _913793
_aMoscinski, Jerzy
245 _aAdvanced control with MATLAB and SIMULINK
_cJerzy Moscinski
260 _cc.1995
650 _913795
_aSystem design
_xMIS
942 _2ddc
_cBK
999 _c69835
_d69835